Statistics for Countries Closest to Liechtenstein - 30 Second Sprint

Click here to take the quiz!

General Stats

  • This quiz has been taken 81 times
  • The average score is 11 of 20

Answer Stats

kmcountrymiles% Correct
0Austria0
94%
33Germany20
94%
0Switzerland0
94%
68Italy43
89%
150France93
86%
300Slovenia186
58%
334Czechia207
55%
716Spain445
54%
409San Marino254
51%
556Poland346
48%
556Slovakia346
45%
372Belgium231
44%
338Luxembourg210
44%
492Hungary306
41%
400Monaco249
38%
617Vatican City383
38%
465Netherlands289
37%
348Croatia216
35%
720Serbia448
24%
521Bosnia and
Herzegovina
324
23%

Score Distribution

Percentile by Number Answered

Percent of People with Each Score

Your Score History

You have not taken this quiz